LEADER 01026nam0-22002771i-450- 001 990001672580403321 005 20050525150941.0 035 $a000167258 035 $aFED01000167258 035 $a(Aleph)000167258FED01 035 $a000167258 100 $a20030910d1901----km-y0itay50------ba 101 0 $aita 200 1 $aRelazione della Sotto-Commissione incaricata dalla Commissione Censuaria Centrale di esaminare le tariffe d'estimo della provincia di Treviso + allegato I$fMinistero delle Finanze 210 $aRoma$cTip. Elzeviriana$d1901 215 $a2 v.$d30 cm 610 0 $aImposte fondiarie 676 $a336.22 710 02$aItalia.$bMinistero delle finanze$0356818 801 0$aIT$bUNINA$gRICA$2UNIMARC 901 $aBK 912 $a990001672580403321 952 $a60 336.22 A 26$b18247$fFAGBC 959 $aFAGBC 996 $aRelazione della Sotto-Commissione incaricata dalla Commissione Censuaria Centrale di esaminare le tariffe d'estimo della provincia di Treviso + allegato I$9370846 997 $aUNINA LEADER 01613nam0 22003251i 450 001 SUN0018860 005 20100706120000.0 010 $a88-371-0845-1 100 $a20040705d1997 |0itac50 ba 101 $aita 102 $aIT 105 $a|||| ||||| 200 1 $aCalcolo automatico delle strutture$fAlberto Carpinteri 210 $aBologna$cPitagora$d1997 215 $aXI, 377 p.$d27 cm. 410 1$1001SUN0023906$12001 $aIngegneria strutturale$v4$1210 $aBologna$cPitagora. 606 $aStrutture$xCalcolo elettronico$2FI$3SUNC009276 606 $aMicroelaboratori elettronici$xImpiego in ingegneria civile$2FI$3SUNC009277 620 $dBologna$3SUNL000003 676 $a624.1710285$v21 700 1$aCarpinteri$b, Alberto$3SUNV014919$030793 712 $aPitagora$3SUNV000259$4650 801 $aIT$bSOL$c20200504$gRICA 912 $aSUN0018860 950 $aBIBLIOTECA DEL DIPARTIMENTO DI ARCHITETTURA E DISEGNO INDUSTRIALE$d01PREST IIIB54 $e01 5294 20050329 950 $aUFFICIO DI BIBLIOTECA DEL DIPARTIMENTO DI INGEGNERIA$d05CONS G III 442 $e05 2979 20040705 950 $aUFFICIO DI BIBLIOTECA DEL DIPARTIMENTO DI INGEGNERIA$d05CONS G V 251 $e05CIV132 20060103 950 $aUFFICIO DI BIBLIOTECA DEL DIPARTIMENTO DI INGEGNERIA$d05CONS G III 549 $e05 4090 20060110 996 $aCalcolo automatico delle strutture$91429171 997 $aUNICAMPANIA